| 000 | 00844nam0a22002771 4500 | ||
|---|---|---|---|
| 001 | rc\2171642 | ||
| 005 | 20250623024916.0 | ||
| 035 | _a(NLR Aleph) 006535323 | ||
| 090 |
_a6578105 _c6578105 |
||
| 100 | _a20110826d1978 |||y0rusy50 ca | ||
| 101 | 0 | _arus | |
| 102 | _aRU | ||
| 105 | _aa z ||||| | ||
| 200 | 1 | _aДорогие наши мальчишки | |
| 210 |
_aЛенинград _cЛениздат _d1978 |
||
| 215 |
_a255 с., 16 л. ил. _d17 |
||
| 606 |
_aРабочие подростки _xВоспитание _2psbo |
||
| 686 |
_aУ9(2)240.01,0 _2rubbk |
||
| 700 | 1 |
_aВитченко _bС.С. _f-1986 _gСтепан Степанович |
|
| 801 | 0 |
_aRU _bNLR _gpsbo |
|
| 801 | 1 |
_aRU _bELAR _2rusmarc |
|
| 852 |
_aNLR _j78-2/3100 |
||
| 899 |
_aRuMoRGB _jБ 78-43/724 |
||
| 899 |
_aRuMoRGB _jБ 78-43/725 |
||
| 942 | _cBOOK | ||
| 980 | _aNB | ||